000 00737nam a2200289Ia 4500
005 20260324133959.0
008 008 260324s9999 xx 000 0 eng d
020 _a9780429221743
037 _aEBOOK
040 _aCRL
040 _beng
040 _cCRL
041 _2eng
041 _aeng
084 _qCRL
100 _aAjoy Velayudhan; Anurag Rathore
_91195121
245 0 _aScale-Up and Optimization in Preparative Chromatography
245 0 _bPrinciples and Biopharmaceutical Applications
260 _bTaylor and Francis
260 _c2002
365 _a
365 _b375
856 _uhttp://www.taylorfrancis.com/books/9780429221743
942 _cEBOOK
999 _c1794719
_d1794719